The role of rural Bangladeshi women in livestock production /

Bibliographic Details
Main Author: Feldman, Shelley
Other Authors: Banu, Fazila, McCarthy, Florence E.
Format: Book
Language:English
Published: [East Lansing, Mich.] : Women in International Development, Michigan State University, [1987]
Series:Working paper (Michigan State University. Office of Women in International Development) ; #149.
Subjects:

MARC

Tag First Indicator Second Indicator Subfields
LEADER 00000cam a2200000 a 4500
001 in00000028833
005 20151007054717.0
008 880421s1987 miu b s00010 eng d
035 |a (OCoLC)17827500 
035 |9 AAB6011AM 
040 |a TXA  |c TXA  |d DJB  |d TXA  |d UtOrBLW 
049 |a TXAM  |c [A11532114] 
050 4 |a SF55.B3  |b F34 1987 
100 1 |a Feldman, Shelley. 
245 1 4 |a The role of rural Bangladeshi women in livestock production /  |c by Shelley Feldman, Fazila Banu, and Florence E. McCarthy. 
264 1 |a [East Lansing, Mich.] :  |b Women in International Development, Michigan State University,  |c [1987] 
264 4 |c ©1987 
300 |a 21 pages ;  |c 28 cm. 
336 |a text  |b txt  |2 rdacontent 
337 |a unmediated  |b n  |2 rdamedia 
338 |a volume  |b nc  |2 rdacarrier 
490 1 |a Working paper ;  |v #149 
500 |a "November 1987." 
504 |a Bibliography: pages 20-21. 
650 0 |a Livestock  |z Bangladesh. 
650 0 |a Women farmers  |z Bangladesh. 
650 0 |a Rural women  |z Bangladesh. 
700 1 |a Banu, Fazila. 
700 1 |a McCarthy, Florence E. 
830 0 |a Working paper (Michigan State University. Office of Women in International Development) ;  |v #149. 
999 |a MARS 
999 f f |s ee679056-16fa-33f5-be5e-0025a0c24da7  |i 458b0089-1146-38c0-a3bf-c7b70cdda5a5  |t 0 
952 f f |p ric  |a Texas A&M University  |b Rellis Campus  |c Joint Library Facility  |d Remote Storage  |t 0  |e SF55.B3 F34 1987  |h Library of Congress classification  |i unmediated -- volume  |m A14811532114 
998 f f |a SF55.B3 F34 1987  |t 0  |l Remote Storage